000 01073nam a2200325 i 4500
003 DO-SdBNP
005 20240711112236.0
006 a||||er|||| 00| 0
007 ta
008 240711e1964 sp a|||| |||| 00| f spa d
040 _aDO-SdBNP
_bspa
_cBNPHU
_erda
041 _heng
082 4 _222
_bR988d
100 1 _aRyan, Cornelius
_951376
_d1922-1974
_eautor
245 1 3 _aEl día más largo /
_cCornelius Ryan; traducción, Ramón Gil Novales.
250 _a5a. edición.
264 1 _aBarcelona: España :
_bEdiciones Grijalbo,
_c1964
300 _a253 páginas :
_bilustraciones, fotografía ;
_c20 cm.
336 _2rdacontent
_atexto
_btxt
337 _2rdamedia
_asin mediación
_bn
338 _2rdacarrier
_avolumen
_bnc
490 0 _aNueva Fontana
500 _aIcnluye datos del autor en la contrecubierta.
534 _aThe Longest Day.
590 _aInventariado 2024 / MF
650 4 _aLiteratura española
_xHistoria y crítica
_977262
650 4 _aNovelas Española
_966170
700 1 _aNovales, Ramon Gil,
_951377
_etraductor
942 _2ddc
_cLBS1
999 _c57262
_d57262